[Event "OLSW 2324 SG Kaiserslautern - SVG Saarbr"]
[Site "?"]
[Date "2023.09.17"]
[Round "1.1"]
[White "Vogel, Christian"]
[Black "Mueller, Elias"]
[Result "1-0"]
[WhiteElo "2160"]
[BlackElo "2021"]
[PlyCount "119"]
[EventDate "2023.??.??"]

1. Nf3 Nf6 2. g3 b6 3. Bg2 Bb7 4. O-O c5 5. c4 e6 6. b3 Be7 7. Nc3 Ne4 8. Bb2 O-O 9. Qc2 Nxc3 10. Bxc3 Qc7 11. Qb2 f6 12. Rad1 d5 13. cxd5 Bxd5 14. d4 Qb7 15. Nh4 Bxg2 16. Nxg2 cxd4 17. Rxd4 Nc6 18. Rd2 Rfd8 19. Rfd1 Qc7 20. Nf4 Kf7 21. b4 Bd6 22. Nd3 Rac8 23. Rc1 Qb7 24. Qb3 h5 25. Rcd1 Qc7 26. b5 Ne7 27. Bb4 Nd5 28. Bxd6 Qxd6 29. Nf4 Qc5 30. Nxd5 exd5 31. Rxd5 Rxd5 32. Rxd5 Qc1+ 33. Rd1+ Qc4 34. Rd7+ Ke6 35. Qxc4+ Rxc4 36. Rxa7 Rb4 37. a4 g5 38. Ra6 Ke5 39. Rxb6 Rxa4 40. Rb8 Rb4 41. b6 Kf5 42. f3 Kg6 43. Kf2 g4 44. Kg2 Kg7 45. h3 gxf3+ 46. Kxf3 Rb3+ 47. Kf4 Rb4+ 48. e4 Rb5 49. g4 h4 50. b7 Kh7 51. Rf8 Rxb7 52. Rxf6 Rb3 53. Kg5 Kg7 54. Rg6+ Kf7 55. Rh6 Rxh3 56. Rxh4 Rf3 57. Rh6 Kg7 58. Ra6 Kf7 59. e5 Rf1 60. Rf6+ 1-0

[Event "OLSW 2324 SG Kaiserslautern - SVG Saarbr"]
[Site "?"]
[Date "2023.09.17"]
[Round "1.2"]
[White "Huschens, Matthias"]
[Black "Mohammad, Samir"]
[Result "0-1"]
[WhiteElo "2064"]
[BlackElo "2308"]
[PlyCount "142"]
[EventDate "2023.??.??"]

1. d4 d5 2. c4 c6 3. cxd5 cxd5 4. Bg5 Nc6 5. Nc3 Nf6 6. Bxf6 gxf6 7. e3 e6 8. Rc1 Bd7 9. Bd3 f5 10. Nh3 Bd6 11. a3 Rc8 12. Qh5 Qf6 13. Qf3 Qh6 14. O-O O-O 15. Rfd1 Kh8 16. Bf1 Na5 17. Nf4 Nc4 18. Rb1 b6 19. Nce2 Rc7 20. g3 Rfc8 21. Nd3 Be8 22. Nef4 Bf8 23. Qh5 Qg7 24. Qh3 Nd6 25. Rbc1 Nc4 26. Rb1 a5 27. Nh5 Qg5 28. Nhf4 Bd6 29. Kh1 a4 30. Kg1 Na5 31. Rbc1 Nb3 32. Rxc7 Rxc7 33. Qh5 Qxh5 34. Nxh5 Rc2 35. g4 fxg4 36. Nf6 Bb5 37. Ne1 Be2 38. Bxe2 Rxe2 39. Nd3 Nd2 40. Nxg4 Nc4 41. Rc1 Kg7 42. Nge5 Bxe5 43. dxe5 Rd2 44. Rc3 Nxb2 45. Nxb2 Rxb2 46. Rc7 b5 47. Rb7 Kg6 48. Kg2 Rb3 49. Kf1 h5 50. Kg2 h4 51. h3 f6 52. exf6 Kxf6 53. Rb8 e5 54. Kf3 Kf5 55. Rf8+ Ke6 56. Rb8 Kd6 57. Kg4 d4 58. Rd8+ Ke7 59. Rd5 Ke6 60. e4 d3 61. f4 exf4 62. Kxf4 Rxa3 63. Rxb5 d2 64. Rd5 Rxh3 65. Rxd2 Rb3 66. Ra2 a3 67. e5 h3 68. Rh2 Rb4+ 69. Kg3 Rb2 70. Rh1 a2 71. Ra1 h2 0-1

[Event "OLSW 2324 SG Kaiserslautern - SVG Saarbr"]
[Site "?"]
[Date "2023.09.17"]
[Round "1.3"]
[White "Jenner, Meikel"]
[Black "Bruch, Ingo"]
[Result "0-1"]
[WhiteElo "1949"]
[BlackElo "2281"]
[PlyCount "68"]
[EventDate "2023.??.??"]

1. e4 d6 2. d4 Nf6 3. Nc3 e5 4. Nf3 Nbd7 5. Rg1 g6 6. g4 Bg7 7. Be3 O-O 8. g5 Nh5 9. d5 a6 10. Be2 Nf4 11. Qd2 b5 12. Bxf4 exf4 13. Qxf4 Nc5 14. Nd2 Qe8 15. Qe3 b4 16. Nd1 Qa4 17. Nb3 Re8 18. f3 Nxb3 19. Qxb3 Qa5 20. h4 Bd7 21. a4 bxa3+ 22. c3 Qc5 23. Rh1 axb2 24. Qxb2 a5 25. Qa3 Qa7 26. Bd3 Be5 27. Ke2 Bf4 28. Kf1 a4 29. Kg2 Reb8 30. Rb1 Rxb1 31. Bxb1 Rb8 32. Bc2 Qa6 33. Re1 Bd2 34. Rf1 Bh3+ 0-1

[Event "OLSW 2324 SG Kaiserslautern - SVG Saarbr"]
[Site "?"]
[Date "2023.09.17"]
[Round "1.4"]
[White "Weller, Manuel"]
[Black "Zha, Kevin"]
[Result "1-0"]
[WhiteElo "2228"]
[BlackElo "1895"]
[PlyCount "75"]
[EventDate "2023.??.??"]

1. c4 g6 2. g3 Bg7 3. Bg2 d6 4. Nc3 f5 5. e3 Nf6 6. Nge2 O-O 7. b3 e5 8. d4 Qe8 9. dxe5 dxe5 10. Ba3 Rf7 11. Qc2 Nc6 12. Rd1 Kh8 13. Nd5 e4 14. Nef4 Ne5 15. Nxf6 Bxf6 16. h4 b5 17. c5 a5 18. O-O b4 19. Bb2 Ba6 20. Rfe1 Kg8 21. Nd5 Bg7 22. Bxe5 Bxe5 23. Bf1 g5 24. hxg5 Qc6 25. Bxa6 Qxa6 26. c6 Re8 27. Qc5 Bd6 28. Qc1 Re6 29. Rd2 Be5 30. Rc2 Rg7 31. Rd1 Rxg5 32. Nf4 Bxf4 33. Rd8+ Kf7 34. Rd7+ Re7 35. exf4 Rg6 36. Qd2 Rge6 37. Qd5 Rxd7 38. cxd7 1-0

[Event "OLSW 2324 SG Kaiserslautern - SVG Saarbr"]
[Site "?"]
[Date "2023.09.17"]
[Round "1.5"]
[White "Busche, Stefan"]
[Black "Yakovenko, Oleg"]
[Result "0-1"]
[WhiteElo "2017"]
[BlackElo "2265"]
[PlyCount "92"]
[EventDate "2023.??.??"]

1. e4 c5 2. Nf3 d6 3. d4 cxd4 4. Nxd4 Nf6 5. Nc3 a6 6. Be2 e5 7. Nf3 Be7 8. Bg5 Be6 9. Bxf6 Bxf6 10. Nd5 Be7 11. Bc4 Nd7 12. O-O Rc8 13. Qe2 O-O 14. Rfd1 Nb6 15. Nxb6 Qxb6 16. Bxe6 fxe6 17. c4 Qc6 18. b3 Rf4 19. Nd2 Bd8 20. g3 Rf7 21. Kg2 Bb6 22. Rf1 Bd4 23. Rad1 b5 24. f3 b4 25. Qd3 a5 26. f4 Bc3 27. fxe5 Rxf1 28. Kxf1 Bxe5 29. Nf3 Qc5 30. Kg2 h6 31. Nxe5 Qxe5 32. Rf1 a4 33. Rf2 Ra8 34. Qf3 axb3 35. axb3 Ra1 36. h4 Re1 37. Re2 Rc1 38. h5 Rc3 39. Re3 Qd4 40. Rxc3 Qd2+ 41. Kf1 bxc3 42. Qg4 c2 43. Qxe6+ Kf8 44. Qc8+ Ke7 45. Qc7+ Ke6 46. Qc8+ Ke5 0-1

[Event "OLSW 2324 SG Kaiserslautern - SVG Saarbr"]
[Site "?"]
[Date "2023.09.17"]
[Round "1.6"]
[White "Albert, Marco"]
[Black "Horacek, Helmut"]
[Result "1-0"]
[WhiteElo "2191"]
[BlackElo "1956"]
[PlyCount "95"]
[EventDate "2023.??.??"]

1. d4 Nf6 2. c4 g6 3. Nc3 d5 4. Nf3 Bg7 5. Bg5 Ne4 6. Bf4 Nxc3 7. bxc3 c5 8. e3 cxd4 9. cxd4 Nc6 10. cxd5 Qxd5 11. Be2 O-O 12. O-O Bf5 13. Qa4 Qa5 14. Qxa5 Nxa5 15. Nd2 Rac8 16. g4 Be6 17. Rfc1 Rxc1+ 18. Rxc1 Rc8 19. Rxc8+ Bxc8 20. d5 e5 21. Bg3 g5 22. Ne4 f6 23. f3 b6 24. Nd6 Bd7 25. Be1 Bf8 26. Ne4 Kf7 27. Bxa5 bxa5 28. Bc4 Bb4 29. Kf2 Ke7 30. Ke2 Ba4 31. Bd3 h6 32. Ng3 Bd7 33. Ba6 Bc5 34. Kd3 Bb4 35. Kc4 Bd2 36. Bb5 Bxe3 37. Bxd7 Kxd7 38. Nf5 Bf2 39. Nxh6 a4 40. Ng8 Be3 41. Nxf6+ Kc7 42. Ne4 a3 43. h3 Bc1 44. Ng3 Be3 45. Nf5 Bf2 46. Kd3 Be1 47. Ke4 Bc3 48. h4 1-0

[Event "OLSW 2324 SG Kaiserslautern - SVG Saarbr"]
[Site "?"]
[Date "2023.09.17"]
[Round "1.7"]
[White "Birkenheier, Nicolas"]
[Black "Sievers, Andy"]
[Result "0-1"]
[WhiteElo "1638"]
[BlackElo "2118"]
[PlyCount "74"]
[EventDate "2023.??.??"]

1. e4 c5 2. Nf3 d6 3. Bb5+ Bd7 4. c4 Nf6 5. Nc3 Nc6 6. O-O e5 7. d3 Be7 8. Bd2 O-O 9. h3 Rb8 10. Nh2 Nd4 11. Bxd7 Nxd7 12. f4 b5 13. cxb5 Nxb5 14. Nxb5 Rxb5 15. Bc3 exf4 16. Ng4 Bg5 17. d4 cxd4 18. Qxd4 Qb6 19. Rad1 h5 20. Nh2 Re8 21. Qxb6 Rxb6 22. Bd4 Ra6 23. Nf3 Bf6 24. Bxf6 Nxf6 25. Ng5 Re5 26. h4 Nxe4 27. Nf3 Rb5 28. Rfe1 d5 29. Re2 Rab6 30. Rc2 Rxb2 31. Rc8+ Kh7 32. Rc7 Rg6 33. Ne1 f3 34. Rc2 Rxc2 35. Nxc2 Rxg2+ 36. Kf1 Ng3+ 37. Ke1 Re2# 0-1

[Event "OLSW 2324 Turm Illingen - SF Heidesheim"]
[Site "?"]
[Date "2023.09.17"]
[Round "1.1"]
[White "Perske, Thore"]
[Black "Mayer, Frank"]
[Result "1-0"]
[WhiteElo "2448"]
[BlackElo "2270"]
[PlyCount "47"]
[EventDate "2023.??.??"]

1. e4 e6 2. d4 d5 3. Nd2 dxe4 4. Nxe4 Bd7 5. c4 Nf6 6. Nc3 Bb4 7. Nf3 c5 8. a3 Bxc3+ 9. bxc3 Qa5 10. Bd2 Ne4 11. Bd3 Ba4 12. Qe2 Nxd2 13. Qxd2 O-O 14. Rb1 Bc6 15. Ne5 Rd8 16. Bxh7+ Kxh7 17. Nxf7 cxd4 18. Nxd8 Qxd8 19. cxd4 Bxg2 20. Rg1 Be4 21. Rb3 Nc6 22. Rh3+ Kg8 23. Qh6 Qxd4 24. Qxe6+ 1-0

[Event "OLSW 2324 Turm Illingen - SF Heidesheim"]
[Site "?"]
[Date "2023.09.17"]
[Round "1.3"]
[White "Hinrichs, Paul"]
[Black "Biehler, Thomas"]
[Result "1-0"]
[WhiteElo "2224"]
[BlackElo "2247"]
[PlyCount "159"]
[EventDate "2023.??.??"]

1. d4 e6 2. Nf3 Nf6 3. g3 d5 4. Bg2 Be7 5. O-O O-O 6. c4 c6 7. Nc3 Nbd7 8. Nd2 a5 9. b3 a4 10. cxd5 Nxd5 11. Nxa4 b5 12. Nb2 Nc3 13. Qe1 Rxa2 14. Rxa2 Nxa2 15. Ne4 Nb4 16. e3 e5 17. Bd2 Nd5 18. Ba5 Qe8 19. Qc1 Bb7 20. dxe5 Qa8 21. Bd2 Nxe5 22. Nc5 Rd8 23. e4 Nf6 24. Bf4 Bxc5 25. Qxc5 Ned7 26. Qc3 c5 27. f3 Qa3 28. Nd3 Ra8 29. Rc1 b4 30. Qc2 Rc8 31. Qd1 Qa6 32. Nb2 Qe6 33. Nc4 Ba6 34. Be3 Bxc4 35. Rxc4 Ne8 36. Qf1 g6 37. Bh3 f5 38. Bf4 Ng7 39. Qa1 h5 40. Bh6 Qf6 41. Qxf6 Nxf6 42. Bxg7 Kxg7 43. exf5 g5 44. Kf2 Rc7 45. Bf1 Nd5 46. h4 Kf6 47. hxg5+ Kxg5 48. Rh4 Ne7 49. Bd3 Nxf5 50. Bxf5 Kxf5 51. Rxh5+ Kg6 52. Rd5 c4 53. bxc4 Rxc4 54. Rb5 Kf6 55. g4 Ke6 56. g5 Kd6 57. g6 Ke7 58. Rb6 Kf8 59. Kg3 b3 60. f4 Kg7 61. Kg4 Rc2 62. Kg5 Rg2+ 63. Kf5 Kh6 64. Rxb3 Rxg6 65. Rb7 Ra6 66. Re7 Ra4 67. Re4 Ra1 68. Kf6 Kh7 69. f5 Kg8 70. Re8+ Kh7 71. Kf7 Rf1 72. f6 Rf2 73. Re3 Rh2 74. Ke7 Kg6 75. Rg3+ Kh7 76. f7 Re2+ 77. Kf8 Rh2 78. Re3 Rf2 79. Rh3+ Kg6 80. Kg8 1-0

[Event "OLSW 2324 Turm Illingen - SF Heidesheim"]
[Site "?"]
[Date "2023.09.17"]
[Round "1.4"]
[White "Giese, Tilman"]
[Black "Foerster, Erik"]
[Result "1/2-1/2"]
[WhiteElo "1977"]
[BlackElo "2158"]
[PlyCount "76"]
[EventDate "2023.??.??"]

1. Nf3 d5 2. g3 g6 3. Bg2 Bg7 4. d4 c6 5. O-O Nf6 6. b3 a5 7. Bb2 a4 8. c4 O-O 9. cxd5 cxd5 10. bxa4 Qa5 11. Nc3 Bd7 12. Qb3 Bxa4 13. Qxb7 Nc6 14. Nxa4 Qxa4 15. Ne5 Nxd4 16. Bxd4 Qxd4 17. Nc6 Qd2 18. Nxe7+ Kh8 19. e3 Rfb8 20. Qc6 Rxa2 21. Qd6 Re8 22. Rad1 Qe2 23. Nxd5 Nxd5 24. Bxd5 Ra7 25. Rb1 Kg8 26. Rb8 Rf8 27. Rc1 Qa6 28. Rc6 Qa1+ 29. Kg2 Ra8 30. Bxf7+ Kh8 31. Rb7 Qe1 32. Qd7 Ra2 33. Bxa2 Qxf2+ 34. Kh3 Qf1+ 35. Kh4 Bf6+ 36. Rxf6 Qxf6+ 37. Kh3 Qf1+ 38. Kh4 Qf6+ 1/2-1/2

[Event "OLSW 2324 Turm Illingen - SF Heidesheim"]
[Site "?"]
[Date "2023.09.17"]
[Round "1.5"]
[White "Enzmann, Steffen"]
[Black "Kuhn, Patrick"]
[Result "0-1"]
[WhiteElo "2173"]
[BlackElo "2100"]
[PlyCount "82"]
[EventDate "2023.??.??"]

1. Nf3 d5 2. g3 e6 3. Bg2 Nf6 4. O-O Be7 5. d3 O-O 6. Nbd2 Nc6 7. e4 dxe4 8. dxe4 e5 9. h3 Bc5 10. Qe2 Qe7 11. c3 a5 12. Nc4 b6 13. Kh2 Ba6 14. b3 Qe6 15. Ng5 Bxc4 16. bxc4 Qe7 17. f4 Rad8 18. Nf3 Rfe8 19. fxe5 Nxe5 20. Nh4 Qd7 21. Bg5 Qd3 22. Qb2 Nxc4 23. Qb5 Ne3 24. Qxd3 Rxd3 25. Rf3 h6 26. Bxf6 gxf6 27. Nf5 Red8 28. Nxh6+ Kf8 29. e5 Nxg2 30. Kxg2 Rxf3 31. Kxf3 Rd3+ 32. Ke4 Re3+ 33. Kf5 Rxe5+ 34. Kg4 Rg5+ 35. Kf4 Bd6+ 36. Ke4 Rxg3 37. Rh1 Rxc3 38. h4 Kg7 39. Nf5+ Kh7 40. Rg1 Rc4+ 41. Kd3 Rf4 0-1

[Event "OLSW 2324 Turm Illingen - SF Heidesheim"]
[Site "?"]
[Date "2023.09.17"]
[Round "1.6"]
[White "Hauer, Andreas"]
[Black "Lantzsch, Christian"]
[Result "0-1"]
[WhiteElo "1912"]
[BlackElo "2162"]
[PlyCount "62"]
[EventDate "2023.??.??"]

1. e4 c6 2. Nf3 d5 3. d3 g6 4. Nbd2 Bg7 5. exd5 cxd5 6. d4 Nc6 7. c3 Nh6 8. Bd3 O-O 9. O-O f6 10. Nb3 e5 11. Be2 e4 12. Ne1 f5 13. f4 exf3 14. Nxf3 f4 15. Bd3 g5 16. Qc2 Nf5 17. Re1 h6 18. Bd2 g4 19. Ne5 f3 20. gxf3 Nxe5 21. dxe5 gxf3 22. Rf1 Nh4 23. Rf2 Bh3 24. Bf1 Bg4 25. Re1 Qe8 26. Nd4 Qh5 27. Kh1 Kh8 28. Bd3 Ng2 29. Bg6 Qh3 30. Ref1 Bxe5 31. Nxf3 Bxf3 0-1

[Event "OLSW 2324 Turm Illingen - SF Heidesheim"]
[Site "?"]
[Date "2023.09.17"]
[Round "1.7"]
[White "Jurkic, Bosiljko"]
[Black "Schuh, Thomas"]
[Result "1-0"]
[WhiteElo "2042"]
[BlackElo "2120"]
[PlyCount "91"]
[EventDate "2023.??.??"]

1. b3 d5 2. Bb2 Bg4 3. Nf3 Nf6 4. e3 e6 5. h3 Bxf3 6. Qxf3 Nbd7 7. c4 c6 8. Nc3 Bd6 9. d4 Qa5 10. c5 Bb8 11. a3 a6 12. b4 Qc7 13. Be2 O-O 14. g3 e5 15. dxe5 Nxe5 16. Qf5 Qe7 17. O-O Bc7 18. Kg2 Rae8 19. Rac1 Nfd7 20. f4 Ng6 21. Nd1 Bxf4 22. Rxf4 Nxf4+ 23. Qxf4 Qe4+ 24. Qxe4 Rxe4 25. Bd4 f5 26. Nf2 Re7 27. Nd3 Nf6 28. Bf3 Ne4 29. Bxe4 fxe4 30. Ne5 Rf5 31. Ng4 Ref7 32. Rc2 Rf8 33. Rf2 Rxf2+ 34. Nxf2 h5 35. h4 g6 36. Nh3 Kf7 37. Nf4 Ra8 38. Bc3 Rg8 39. Kh3 Rb8 40. g4 hxg4+ 41. Kxg4 Ra8 42. Kg5 a5 43. bxa5 d4 44. Bxd4 Rxa5 45. Nxg6 Rxa3 46. Ne5+ 1-0

[Event "OLSW 2324 SV Worms 1878 - SK Frankenthal"]
[Site "?"]
[Date "2023.09.17"]
[Round "1.1"]
[White "Syrov, Arkadi"]
[Black "Musiolik, David"]
[Result "0-1"]
[WhiteElo "2263"]
[BlackElo "2263"]
[PlyCount "72"]
[EventDate "2023.??.??"]

1. e4 c6 2. d4 d5 3. e5 Bf5 4. Nf3 e6 5. Be2 Ne7 6. c3 Bg6 7. Nbd2 Nf5 8. Nb3 Nd7 9. a4 a6 10. O-O c5 11. a5 Rc8 12. Ne1 Be7 13. g4 Nh4 14. Be3 h5 15. gxh5 Bf5 16. Nxc5 Nxc5 17. dxc5 Bxc5 18. Qa4+ Kf8 19. Bxc5+ Rxc5 20. Qb4 Qe7 21. Ra4 g5 22. Bg4 Rb5 23. Qxe7+ Kxe7 24. Bxf5 exf5 25. Nd3 Rxh5 26. f3 f4 27. b4 Nf5 28. Nc5 Ne3 29. Rf2 Nc4 30. Re2 Rh3 31. Kg2 g4 32. fxg4 f3+ 33. Kxh3 fxe2 34. Ra1 Nb2 35. Kg3 Rxc5 36. bxc5 Nd1 0-1

[Event "OLSW 2324 SV Worms 1878 - SK Frankenthal"]
[Site "?"]
[Date "2023.09.17"]
[Round "1.2"]
[White "Karsay, Pascal"]
[Black "Tresch, Lukas"]
[Result "1-0"]
[WhiteElo "2319"]
[BlackElo "2055"]
[PlyCount "91"]
[EventDate "2023.??.??"]

1. e4 e5 2. d4 exd4 3. Qxd4 Nc6 4. Qe3 Nf6 5. Nc3 Bb4 6. Bd2 O-O 7. O-O-O Re8 8. Qf4 Bxc3 9. Bxc3 Nxe4 10. Bc4 Re7 11. Bxf7+ Rxf7 12. Qxe4 Qg5+ 13. Kb1 d6 14. h4 Qg4 15. Qxg4 Bxg4 16. f3 Bd7 17. Ne2 Re8 18. Ng3 Rfe7 19. Nh5 Ne5 20. Nf4 Bc6 21. h5 Rf7 22. Rh4 Rfe7 23. b3 b6 24. Rdh1 a5 25. a4 Kf8 26. R1h3 Kf7 27. Rg3 Rg8 28. Rg5 h6 29. Rg3 Nd7 30. Ng6 Re6 31. Rc4 Nc5 32. Nh4 Bd5 33. Rf4+ Ke8 34. Rfg4 Re2 35. Rxg7 Rxg7 36. Rxg7 Re3 37. Kb2 Re2 38. Kc1 Ne6 39. Rh7 Nf4 40. g4 Rh2 41. Bf6 Rh3 42. Re7+ Kf8 43. Rxc7 Ke8 44. Nf5 Bxf3 45. Nxd6+ Kf8 46. Rc8# 1-0

[Event "OLSW 2324 SV Worms 1878 - SK Frankenthal"]
[Site "?"]
[Date "2023.09.17"]
[Round "1.3"]
[White "Huseynov, Ahad"]
[Black "Ollenberger, Roland"]
[Result "1/2-1/2"]
[WhiteElo "2076"]
[BlackElo "2278"]
[PlyCount "118"]
[EventDate "2023.??.??"]

1. e4 g6 2. Nf3 Bg7 3. Bc4 c6 4. d4 d5 5. exd5 cxd5 6. Bb3 Nc6 7. c3 Nf6 8. O-O O-O 9. h3 Bf5 10. Bf4 Na5 11. Ne5 Nxb3 12. axb3 Re8 13. Nd2 Nd7 14. Ndf3 Nxe5 15. dxe5 a6 16. Qd2 Qb6 17. Nd4 Rad8 18. Qe3 Bc8 19. Rfe1 Bd7 20. b4 Rc8 21. Ra5 Be6 22. Rea1 f6 23. Nxe6 Qxe6 24. exf6 exf6 25. Qxe6+ Rxe6 26. Rxd5 g5 27. Be3 Kf7 28. Rd7+ Re7 29. Rad1 Rc7 30. Rd8 Re8 31. R1d7+ Re7 32. Rxc7 Rxc7 33. Bb6 Re7 34. Kf1 f5 35. Bc5 Rc7 36. Bd6 Rc6 37. Rd7+ Kg6 38. Be7 b5 39. Bxg5 Bxc3 40. bxc3 Kxg5 41. Rd3 h5 42. Ke2 h4 43. Kd2 Rg6 44. g3 Rh6 45. f4+ Kh5 46. g4+ fxg4 47. Rd5+ Kg6 48. Rg5+ Kf6 49. Rxg4 Kf5 50. c4 bxc4 51. Kc3 Ke4 52. Kxc4 Rc6+ 53. Kb3 Rh6 54. Kc3 Rh8 55. Kd2 Rh5 56. Ke2 Rh8 57. Kf2 Rh5 58. Kg2 Rh6 59. Kf2 Rh5 1/2-1/2

[Event "OLSW 2324 SV Worms 1878 - SK Frankenthal"]
[Site "?"]
[Date "2023.09.17"]
[Round "1.4"]
[White "Feldmann, Johannes"]
[Black "Syska, Albert"]
[Result "1-0"]
[WhiteElo "2207"]
[BlackElo "2168"]
[PlyCount "139"]
[EventDate "2023.??.??"]

1. c4 b6 2. d4 Bb7 3. Nc3 e6 4. a3 f5 5. Nf3 Nf6 6. g3 Be7 7. Bg2 O-O 8. O-O Ne4 9. Qc2 Qc8 10. b3 Bf6 11. Bb2 Nxc3 12. Bxc3 Be4 13. Qb2 Qb7 14. Rfd1 d6 15. d5 e5 16. Bh3 f4 17. gxf4 exf4 18. Nd4 c6 19. Be6+ Kh8 20. f3 Bg6 21. Kh1 c5 22. Nb5 Qe7 23. Rg1 a6 24. Bxf6 Rxf6 25. Nc3 Nd7 26. Rg2 Nf8 27. Rag1 Ra7 28. Qd2 Rb7 29. a4 Qe8 30. Rg4 Nxe6 31. dxe6 Bf5 32. Rxf4 Qxe6 33. Ne4 Bxe4 34. Rxe4 Qf7 35. Qe3 Qg8 36. Rgg4 Rbf7 37. Re8 Rf8 38. Rge4 d5 39. cxd5 Qxd5 40. R4e6 Qd7 41. Rxf8+ Rxf8 42. Kg2 Qd8 43. a5 bxa5 44. Qxc5 h6 45. Qe5 Qh4 46. Rg6 Rg8 47. Rxa6 Kh7 48. Re6 a4 49. bxa4 Qxa4 50. Qe4+ Qxe4 51. Rxe4 Kg6 52. Re5 Kf6 53. Ra5 Rb8 54. Kg3 Rb1 55. e4 Rg1+ 56. Kf2 Rh1 57. Kg2 Re1 58. h3 g5 59. h4 Re2+ 60. Kg3 Re1 61. Ra6+ Kg7 62. hxg5 hxg5 63. Kg4 Re3 64. Ra5 Kh6 65. Rxg5 Rxf3 66. Rh5+ Kg6 67. Kxf3 Kxh5 68. Kf4 Kg6 69. Ke5 Kf7 70. Kd6 1-0

[Event "OLSW 2324 SV Worms 1878 - SK Frankenthal"]
[Site "?"]
[Date "2023.09.17"]
[Round "1.5"]
[White "Geyer, Bernhard"]
[Black "Boos, Patrick"]
[Result "1/2-1/2"]
[WhiteElo "2164"]
[BlackElo "2070"]
[PlyCount "125"]
[EventDate "2023.??.??"]

1. e4 c5 2. Nc3 Nc6 3. g3 g6 4. Bg2 Bg7 5. d3 e5 6. Be3 d6 7. Qd2 Be6 8. Nf3 Nge7 9. Ng5 Bd7 10. f4 O-O 11. O-O Nd4 12. Nd1 Rc8 13. c3 Ne6 14. Nf3 Qc7 15. Nf2 f5 16. Rac1 b6 17. Rfe1 Bc6 18. fxe5 dxe5 19. Bh6 Rcd8 20. Bxg7 Nxg7 21. exf5 Bxf3 22. Bxf3 gxf5 23. Qe2 Ng6 24. Bg2 Rfe8 25. Rcd1 Kh8 26. Nh3 Re7 27. Qf2 Red7 28. Qe2 Re7 29. b3 b5 30. Qe3 Red7 31. Ng5 e4 32. Bf1 Ne5 33. Qf4 h6 34. Ne6 Nxe6 35. Qxh6+ Rh7 36. Qxe6 Nf3+ 37. Kf2 Rxh2+ 38. Bg2 Nxe1 39. Qf6+ Kg8 40. Rxe1 Rxd3 41. Qg6+ Qg7 42. Qe6+ Qf7 43. Qc8+ Kg7 44. Kg1 Rh6 45. Qxc5 a6 46. Rf1 Rf6 47. g4 Rd5 48. Qc8 Qa7+ 49. Kh2 f4 50. Bh3 Rd2+ 51. Kh1 Qe3 52. g5 Rf7 53. Qe6 Qxc3 54. Qh6+ Kg8 55. g6 Rg7 56. Be6+ Kf8 57. Qxf4+ Ke7 58. Qxe4 Qd4 59. Qxd4 Rxd4 60. Bf7 Rd2 61. a4 bxa4 62. bxa4 Rd4 63. a5 1/2-1/2

[Event "OLSW 2324 SV Worms 1878 - SK Frankenthal"]
[Site "?"]
[Date "2023.09.17"]
[Round "1.6"]
[White "Dausch, Rene"]
[Black "Halabi, Ibrahim"]
[Result "0-1"]
[WhiteElo "2204"]
[BlackElo "1934"]
[PlyCount "72"]
[EventDate "2023.??.??"]

1. e4 c5 2. c3 Nf6 3. e5 Nd5 4. Nf3 Nc6 5. d4 cxd4 6. Bc4 Nb6 7. Bb3 d5 8. exd6 Qxd6 9. O-O Be6 10. Bxe6 Qxe6 11. Re1 Qd6 12. Na3 Rd8 13. Nb5 Qb8 14. Nfxd4 a6 15. Na3 Nxd4 16. cxd4 e6 17. Bg5 Rd5 18. Qg4 Bd6 19. Rad1 h5 20. Qh4 Bxh2+ 21. Kh1 Rf5 22. d5 Nxd5 23. g4 Rxg5 24. Qxg5 hxg4 25. Kg2 Nf4+ 26. Kf1 Bg3 27. fxg3 Rh1+ 28. Kf2 Qa7+ 29. Re3 Nh3+ 30. Ke2 Rh2+ 31. Kd3 Nxg5 32. Nc4 b5 33. Nd6+ Kd7 34. Re2 Rxe2 35. Kxe2 Kc6 36. b4 Qb8 0-1

[Event "OLSW 2324 SV Worms 1878 - SK Frankenthal"]
[Site "?"]
[Date "2023.09.17"]
[Round "1.7"]
[White "Muths, Lukas"]
[Black "Martin, Mike"]
[Result "1/2-1/2"]
[WhiteElo "1883"]
[BlackElo "2079"]
[PlyCount "62"]
[EventDate "2023.??.??"]

1. Nf3 c5 2. b3 Nc6 3. Bb2 e6 4. e3 Nf6 5. Be2 b6 6. O-O Bb7 7. c4 Rc8 8. Ne5 Be7 9. f4 d6 10. Nxc6 Bxc6 11. Bf3 d5 12. d3 O-O 13. Qc2 Qd7 14. e4 Rfd8 15. Rd1 Qc7 16. e5 Ne8 17. Nc3 dxc4 18. dxc4 Bxf3 19. gxf3 g6 20. Nb5 Qb8 21. Qc3 Rxd1+ 22. Rxd1 Rd8 23. Nd6 Qc7 24. f5 Bf8 25. Kf2 Qe7 26. f6 Qd7 27. Qe3 Nxd6 28. exd6 e5 29. Bxe5 Re8 30. f4 h5 31. Qf3 Bh6 1/2-1/2

[Event "OLSW 2324 SV Worms 1878 - SK Frankenthal"]
[Site "?"]
[Date "2023.09.17"]
[Round "1.8"]
[White "Guckes, Fabian"]
[Black "Prestel, Oliver"]
[Result "0-1"]
[WhiteElo "1851"]
[BlackElo "2043"]
[PlyCount "64"]
[EventDate "2023.??.??"]

1. e4 e6 2. d4 d5 3. e5 c5 4. c3 Nc6 5. Nf3 Bd7 6. Bd3 Qb6 7. O-O cxd4 8. cxd4 Nxd4 9. Nxd4 Qxd4 10. Qe2 Ne7 11. Nc3 a6 12. Kh1 Nc6 13. Be3 Qxe5 14. f4 Qd6 15. Rad1 Be7 16. f5 Qe5 17. Qd2 d4 18. Bc4 Qxe3 19. fxe6 Bxe6 20. Bxe6 fxe6 21. Qc2 dxc3 22. Qb3 Nd8 23. Rde1 Qd2 24. Rd1 Qxb2 25. Qa4+ Qb5 26. Qg4 Rf8 27. Rfe1 c2 28. Rc1 Rf7 29. a4 Qf5 30. Qc4 Ba3 31. Rxc2 Rc8 32. Rxe6+ Qxe6 0-1

[Event "OLSW 2324 SG Speyer-Schwegenheim - SC Ca"]
[Site "?"]
[Date "2023.09.17"]
[Round "1.1"]
[White "Chassard, Cedric"]
[Black "Decuigniere, Tom"]
[Result "0-1"]
[WhiteElo "2326"]
[BlackElo "2381"]
[PlyCount "82"]
[EventDate "2023.??.??"]

1. e4 c6 2. d4 d5 3. e5 Bf5 4. Nf3 e6 5. Be2 c5 6. Be3 Qb6 7. Nc3 Nc6 8. O-O Qxb2 9. Qe1 c4 10. Rb1 Qa3 11. Nb5 Qa4 12. Nc7+ Kd7 13. Nxa8 Kc8 14. Nh4 Bxc2 15. Bd1 Bxd1 16. Qxd1 Qxd1 17. Rfxd1 Be7 18. Nf3 Bd8 19. Bg5 Kb8 20. Bxd8 Nxd8 21. Nb6 axb6 22. Rxb6 Ne7 23. Rdb1 h6 24. Kf1 Nc8 25. R6b5 Na7 26. Rb6 Re8 27. a4 Re7 28. a5 Nc8 29. R6b5 Rc7 30. Ne1 Na7 31. Rb6 Nac6 32. Nc2 Nxa5 33. Nb4 Kc8 34. Ra1 Ndc6 35. Nc2 Kb8 36. Rd1 Nb3 37. Rb5 Ka7 38. Na3 Ka6 39. f4 Ncxd4 40. Rb4 Ka5 41. Nb5 Nxb5 0-1

[Event "OLSW 2324 SG Speyer-Schwegenheim - SC Ca"]
[Site "?"]
[Date "2023.09.17"]
[Round "1.2"]
[White "Boguslawski, Oleg"]
[Black "Jeschke, Jan"]
[Result "0-1"]
[WhiteElo "2386"]
[BlackElo "2138"]
[PlyCount "66"]
[EventDate "2023.??.??"]

1. e4 c5 2. Nf3 d6 3. d4 cxd4 4. Nxd4 Nf6 5. Nc3 a6 6. Be3 e5 7. Nb3 Be7 8. h3 O-O 9. g4 Be6 10. g5 Nfd7 11. h4 Nc6 12. Bh3 Qe8 13. h5 b5 14. g6 b4 15. Nd5 Bd8 16. gxh7+ Kh8 17. Qd3 a5 18. O-O-O a4 19. Nd2 b3 20. cxb3 Bxd5 21. Qxd5 Nf6 22. Qb5 axb3 23. a3 Rb8 24. Qd3 d5 25. exd5 e4 26. Qa6 Nxd5 27. Kb1 Bf6 28. Nc4 Nc7 29. Qa4 Ra8 30. Qxb3 Rb8 31. Qa4 Nb5 32. Rc1 Ne5 33. Nb6 Rxb6 0-1

[Event "OLSW 2324 SG Speyer-Schwegenheim - SC Ca"]
[Site "?"]
[Date "2023.09.17"]
[Round "1.3"]
[White "Scheuermann, Gerhard"]
[Black "Savina, Anastasia"]
[Result "1-0"]
[WhiteElo "2099"]
[BlackElo "2346"]
[PlyCount "93"]
[EventDate "2023.??.??"]

1. e4 c5 2. b3 Nc6 3. Bb2 e5 4. f4 exf4 5. Nf3 Nf6 6. Nc3 d6 7. Bb5 Be7 8. e5 dxe5 9. Nxe5 O-O 10. Nxc6 bxc6 11. Bxc6 Rb8 12. O-O c4 13. Bf3 Bc5+ 14. Kh1 Bd4 15. Qe1 Ba6 16. b4 Re8 17. Qh4 Rxb4 18. Ba3 Rb6 19. Rae1 Rxe1 20. Rxe1 h6 21. Qxf4 Bf2 22. Rf1 g5 23. Qf5 Bc8 24. Qa5 Kg7 25. Qxa7 Bd4 26. Be7 Qd7 27. Bxf6+ Rxf6 28. Qxd7 Bxd7 29. Be2 Rc6 30. Nb5 Bf6 31. c3 Be6 32. a4 Ra6 33. Nc7 Rxa4 34. Ne8+ Kf8 35. Nxf6 Ra2 36. Rd1 Ke7 37. Ng4 f5 38. Ne3 Ra4 39. g3 f4 40. gxf4 gxf4 41. Nc2 Bd5+ 42. Kg1 Be4 43. Nb4 Ra5 44. Kf2 f3 45. Bxc4 Rh5 46. Re1 Rxh2+ 47. Kg3 1-0